000 01703nam a22003017a 4500
005 20091030101623.0
010 _aENG-95261 B-424010-012
020 _a9780070671072
_c295.00
020 _a0070671079
_c295.00
035 _aEN-78794
035 _aB-424010-012
037 _bResearchco Book Centre
082 _a174.4
100 _aDesJardins, Joseph
_931687
245 _aAn introduction to business ethics /
_cby Joseph DesJardins.
250 _a2nd ed.
260 _aNew Delhi
_bTata McGraw-Hill Education,
_cc2009.
270 _a7, West Patel Nagar
_bNew Delhi
_e110008
300 _axiv, 281, I8 p. :
_bill. ;
_c24 cm.
500 _aIncludes bibliographical references and index.
650 _aBusiness ethics.
_931688
942 _2ddc
_cEN
_mDES
_h174.4
999 _c31182
_d31182